IMPACT OF POSITIVE PARENTING INTERVENTION ON THE DOMAIN OF SELF-CONCEPT AND WELL-BEING OF SCHOOL GOING CHILDREN (Record no. 32417)

MARC details
000 -LEADER
fixed length control field 00412nam a22001457a 4500
003 - CONTROL NUMBER IDENTIFIER
control field SGT
082 ## - DEWEY DECIMAL CLASSIFICATION NUMBER
Classification number 150
Item number I24W
100 ## - MAIN ENTRY--PERSONAL NAME
Personal name WALIA, SATINDER KAUT
245 ## - TITLE STATEMENT
Title IMPACT OF POSITIVE PARENTING INTERVENTION ON THE DOMAIN OF SELF-CONCEPT AND WELL-BEING OF SCHOOL GOING CHILDREN
260 ## - PUBLICATION, DISTRIBUTION, ETC. (IMPRINT)
Place of publication, distribution, etc GURUGRAM
Name of publisher, distributor, etc SGT UNIVERSITY
Year of Publication 2024
300 ## - PAGE DESCRIPTION
No. of Pages 183
650 ## - SUBJECT ADDED ENTRY--TOPICAL TERM
Topical term or geographic name as entry element CLINICAL PSYCHOLOGY
653 ## - KEYWORDS--INDEX TERM
Keyword term PHD
942 ## - ADDED ENTRY ELEMENTS (KOHA)
Source of classification or shelving scheme Dewey Decimal Classification
Koha item type Thesis/Dissertation
Holdings
Withdrawn status Lost status Source of classification or shelving scheme Damaged status Not for loan Home library Current library Shelving location Date acquired Total Checkouts Full call number Accession No. (Barcode) Date last seen Bill Date Koha item type
    Dewey Decimal Classification   Not For Loan SGT Medical Library SGT Medical Library Reference Book 25/08/2025   150 I24W DT2364 25/08/2025 25/08/2025 Thesis/Dissertation